000 00629nam a2200217Ii 4500
003 JO-AjNU
008 230606s9999||||xx |||||||||||||| ||und||
020 _a007-123832-8
040 _aJO-AjNU
_beng
_erda
_cJO-AjNU
041 _aeng
050 1 4 _aHF5415.15.L44.2005
100 3 _aLehmann,Donald R/Russell S.Winer,
_eauthor
_9497
245 0 0 _aProduct Management
250 _a4th ed
264 3 1 _aBoston: Mc Graw Hill ,2005
300 _a494p
_bIncludes indexes 479-494 p
336 _atext
_btxt
_2rdacontent
337 _aunmediated
_bn
_2rdamedia
338 _avolume
_bnc
_2rdacarrier
650 4 _aProduct Management
_9498
999 _aE265
_c265
_d265